000 00590nam a2200229 i 4500
001 bg
100 1 _aBARANOWSKA, Olga
245 1 0 _aPomorze Zachodnie :
_bmoja mała ojczyzna /
_cOlga Baranowska.
250 _aWyd.2 rozsz.
260 _aSzczecin :
_b"INES",
_c2001.
300 _a191 s. :
_bil. ;
_c24 cm.
504 _aBibliogr.
651 9 _aPomorze Zachodnie
_xhistoria
655 _aPodręczniki
020 _a839104274X
040 _cBPK
041 0 _apl
080 _a94(438)A/Z(07)
920 _a83-910427-4-X
942 _cKS
008 s pl f |000 0 pol
999 _c40187
_d40187
856 _uhttp://koha.tu.koszalin.pl/cgi-bin/koha/opac-detail.pl?biblionumber=40187
_yKatalog online BPK